[Event "POL-chT 2nd League Juniors 2020"]
[Site "Sypniewo"]
[Date "2020.10.30"]
[Round "9.17"]
[White "Seemann, Pola"]
[Black "Kudlak, Julia"]
[Result "0-1"]
[WhiteElo "1566"]
[BlackElo "1574"]
[Annotator "NA RC"]
[PlyCount "106"]
[EventDate "2020.10.23"]
[EventType "team-tourn"]
[EventCountry "POL"]
[SourceTitle "playchess.com"]
[Source "ChessBase"]
[SourceQuality "1"]
[TimeControl "5400+30"]

1. e4 {[%emt 0:00:00]} c5 {[%emt 0:00:05]} 2. Nf3 {[%emt 0:00:00]} d6 {[%emt 0:00:40]} 3. d4 {[%emt 0:00:00]} cxd4 {[%emt 0:00:06]} 4. Nxd4 {[%emt 0:00:00]} Nf6 {[%emt 0:00:58]} 5. Nc3 {[%emt 0:00:00]} a6 {[%emt 0:01:30]} 6. f4 {[%emt 0:00:00]} e5 {[%emt 0:10:54]} 7. Nf3 {[%emt 0:00:07]} Nbd7 {[%emt 0:09:17]} 8. Bd3 {[%emt 0:04:59]} Be7 {[%emt 0:05:45]} 9. O-O {[%emt 0:02:36]} b5 {[%emt 0:03:21]} 10. a3 {[%emt 0:06:18]} O-O 11. Qe1 {[%emt 0:06:06]} Bb7 {[%emt 0:06:30]} 12. Qg3 {[%emt 0:06:08]} exf4 {[%emt 0:04:50]} 13. Qxf4 {[%emt 0:04:59]} Ne5 {[%emt 0:10:38]} 14. Nxe5 {[%emt 0:03:11]} dxe5 {[%emt 0:01:50]} 15. Qxe5 {[%emt 0:09:30]} Ng4 {[%emt 0:06:21]} 16. Qg3 {[%emt 0:02:27]} Qb6+ {[%emt 0:05:21]} 17. Kh1 {[%emt 0:02:18]} h5 {[%emt 0:03:40]} 18. Bf4 {[%emt 0:05:32]} g5 {[%emt 0:02:49]} 19. Bc7 {[%emt 0:07:47]} Qc5 {[%emt 0:00:34]} 20. Rf5 {[%emt 0:00:46]} Qe3 {[%emt 0:00:50]} 21. Rf3 {[%emt 0:01:15]} Qd4 {[%emt 0:03:15]} 22. h3 {[%emt 0:00:32]} Qh8 {[%emt 0:03:08]} 23. Bb6 {[%emt 0:05:54]} Bf6 {[%emt 0:03:06]} 24. Rf5 {[%emt 0:06:09]} Bc8 {[%emt 0:01:23]} 25. hxg4 {[%emt 0:01:49]} hxg4+ {[%emt 0:00:35]} 26. Kg1 {[%emt 0:00:13]} Bxf5 {[%emt 0:01:18]} 27. exf5 {[%emt 0:00:18]} Bd4+ {[%emt 0:01:35]} 28. Bxd4 {[%emt 0:00:34]} Qxd4+ {[%emt 0:00:41]} 29. Qf2 {[%emt 0:00:47]} Qxf2+ {[%emt 0:02:44]} 30. Kxf2 {[%emt 0:00:07]} f6 {[%emt 0:00:29]} 31. Kg3 {[%emt 0:00:10]} Rae8 {[%emt 0:01:09]} 32. Ne4 {[%emt 0:00:51]} Kg7 {[%emt 0:01:15]} 33. Rh1 {[%emt 0:01:26]} Re5 {[%emt 0:01:19]} 34. Kxg4 {[%emt 0:00:50]} Rfe8 {[%emt 0:00:55]} 35. Re1 {[%emt 0:01:59]} Rh8 {[%emt 0:00:28]} 36. Re2 {[%emt 0:01:48]} Rh4+ {[%emt 0:00:58]} 37. Kg3 {[%emt 0:00:15]} Rf4 {[%emt 0:01:32]} 38. Nd6 {[%emt 0:04:22]} Rd4 {[%emt 0:02:11]} 39. Ne8+ {[%emt 0:01:47]} Kf7 {[%emt 0:00:32]} 40. Nc7 {[%emt 0:02:19]} Rxd3+ {[%emt 0:00:21]} 41. cxd3 {[%emt 0:00:23]} Rxe2 {[%emt 0:00:07]} 42. Nxa6 {[%emt 0:00:56]} Rxb2 {[%emt 0:01:20]} 43. Nc7 {[%emt 0:00:52]} Rb3 {[%emt 0:00:56]} 44. Kg4 {[%emt 0:00:25]} Rxa3 {[%emt 0:00:38]} 45. Nxb5 {[%emt 0:00:23]} Rxd3 {[%emt 0:00:12]} 46. Nc7 {[%emt 0:01:09]} Rd4+ {[%emt 0:01:20]} 47. Kf3 {[%emt 0:00:19]} Rf4+ {[%emt 0:00:14]} 48. Kg3 {[%emt 0:01:19]} Rxf5 {[%emt 0:00:06]} 49. Na6 {[%emt 0:00:38]} Rb5 {[%emt 0:00:38]} 50. Kf3 {[%emt 0:01:00]} Ke7 {[%emt 0:00:28]} 51. Ke4 {[%emt 0:00:24]} Kd6 {[%emt 0:00:23]} 52. Kd4 {[%emt 0:00:29]} Rb6 {[%emt 0:01:27]} 53. Nc5 {[%emt 0:00:20]} Rb4+ {[%emt 0:00:13]} 0-1

[Event "POL-chT 2nd League Juniors 2020"]
[Site "Sypniewo"]
[Date "2020.10.30"]
[Round "9.18"]
[White "Tim, Anna"]
[Black "Gaszka, Zuzanna"]
[Result "0-1"]
[WhiteElo "1237"]
[BlackElo "1417"]
[Annotator "NA RC"]
[PlyCount "80"]
[EventDate "2020.10.23"]
[EventType "team-tourn"]
[EventCountry "POL"]
[SourceTitle "playchess.com"]
[Source "ChessBase"]
[SourceQuality "1"]
[TimeControl "5400+30"]

1. d4 {[%emt 0:00:00]} Nf6 {[%emt 0:00:00]} 2. c4 {[%emt 0:00:00]} g6 {[%emt 0:00:00]} 3. Nc3 {[%emt 0:00:07]} Bg7 {[%emt 0:00:00]} 4. e4 {[%emt 0:00:55]} d6 {[%emt 0:00:04]} 5. Nf3 {[%emt 0:01:01]} O-O {[%emt 0:00:41]} 6. Bd3 {[%emt 0:00:57]} Nbd7 {[%emt 0:00:55]} 7. O-O {[%emt 0:00:48]} e5 {[%emt 0:03:17]} 8. d5 {[%emt 0:00:28]} h6 {[%emt 0:02:35]} 9. h3 Ne8 {[%emt 0:04:51]} 10. Qc2 {[%emt 0:06:34]} a5 {[%emt 0:03:39]} 11. b3 {[%emt 0:03:06]} Nc5 {[%emt 0:01:43]} 12. Ba3 {[%emt 0:07:48]} f5 {[%emt 0:06:09]} 13. Bxc5 {[%emt 0:03:36]} dxc5 14. Rfe1 {[%emt 0:01:55]} f4 {[%emt 0:02:23]} 15. Rad1 {[%emt 0:09:15]} g5 {[%emt 0:02:59]} 16. Be2 {[%emt 0:14:39]} h5 {[%emt 0:03:07]} 17. Nh2 {[%emt 0:03:22]} Nf6 {[%emt 0:04:51]} 18. f3 {[%emt 0:06:40]} Rf7 {[%emt 0:05:23]} 19. Qb2 {[%emt 0:09:54]} Ra6 {[%emt 0:05:41]} 20. Nb5 {[%emt 0:02:35]} Qe7 {[%emt 0:02:36]} 21. Rb1 {[%emt 0:04:22]} Bf8 {[%emt 0:04:18]} 22. Red1 {[%emt 0:04:28]} Rg7 {[%emt 0:02:02]} 23. Kf1 {[%emt 0:01:44]} g4 {[%emt 0:01:59]} 24. hxg4 {[%emt 0:00:38]} hxg4 {[%emt 0:00:13]} 25. fxg4 {[%emt 0:00:19]} Nxe4 {[%emt 0:03:36]} 26. Nf3 {[%emt 0:03:46]} Ng3+ {[%emt 0:01:13]} 27. Ke1 {[%emt 0:01:17]} Bxg4 {[%emt 0:02:07]} 28. Ng1 {[%emt 0:04:27]} Rh6 {[%emt 0:06:52]} 29. Bxg4 {[%emt 0:00:57]} Rxg4 {[%emt 0:00:14]} 30. Kd2 {[%emt 0:03:07]} Ne4+ {[%emt 0:03:22]} 31. Kd3 {[%emt 0:01:24]} Qh7 {[%emt 0:02:58]} 32. Re1 {[%emt 0:03:08]} Rg3+ {[%emt 0:00:57]} 33. Nf3 {[%emt 0:00:24]} Ng5+ {[%emt 0:00:56]} 34. Kd2 {[%emt 0:00:57]} Rxg2+ {[%emt 0:00:55]} 35. Re2 {[%emt 0:00:39]} Nxf3+ {[%emt 0:00:21]} 36. Kc3 {[%emt 0:00:41]} Rxe2 {[%emt 0:01:03]} 37. Qxe2 {[%emt 0:00:09]} Qxb1 {[%emt 0:01:42]} 38. Qxf3 {[%emt 0:01:01]} Qc1+ {[%emt 0:00:44]} 39. Kd3 {[%emt 0:00:25]} Rg6 {[%emt 0:00:34]} 40. Qf2 {[%emt 0:01:04]} Qb1+ {[%emt 0:00:21]} 0-1

[Event "POL-chT 2nd League Juniors 2020"]
[Site "Sypniewo"]
[Date "2020.10.30"]
[Round "9.20"]
[White "Dalkowski, Rafal"]
[Black "Kukula, Karol"]
[Result "0-1"]
[WhiteElo "1871"]
[BlackElo "1739"]
[Annotator "NA RC"]
[PlyCount "58"]
[EventDate "2020.10.23"]
[EventType "team-tourn"]
[EventCountry "POL"]
[SourceTitle "playchess.com"]
[Source "ChessBase"]
[SourceQuality "1"]
[TimeControl "5400+30"]

{[%evp 8,53,31,0,8,4,14,9,17,-14,-14,-20,-4,-44,-54,-63,-59,-108,-88,-106,-106,-161,-170,-157,-129,-135,-27,-42,-44,-83,-78,-70,-75,-79,-73,-129,-91,-99,-106,-117,-93,-152,-150,-905,-849,-1796,-1755,-1507]} 1. d4 {[%emt 0:00:00]} Nf6 {[%emt 0:00:00]} 2. c4 {[%emt 0:00:00]} e6 {[%emt 0:00:00]} 3. Nf3 {[%emt 0:00:00]} Bb4+ {[%emt 0:00:00]} 4. Bd2 {[%emt 0:00:00]} Qe7 {[%emt 0:00:05]} 5. Qc2 {[%emt 0:00:13]} Bxd2+ {[%emt 0:08:16]} 6. Nbxd2 {[%emt 0:00:13]} d6 {[%emt 0:00:06]} 7. e4 {[%emt 0:00:55]} e5 {[%emt 0:04:20]} 8. d5 {[%emt 0:00:27]} O-O {[%emt 0:01:49] E11: Bogo-Indian.} 9. Bd3 {[%emt 0:00:26]} Nbd7 {[%emt 0:08:34] [#]} 10. h3 $146 {[%emt 0:05:03]} ({Predecessor:} 10. O-O Nc5 11. Ne1 Nxd3 12. Nxd3 Nh5 13. f4 Nxf4 14. Nxf4 exf4 15. Rxf4 Qe5 16. Rf2 f5 17. Raf1 g6 18. c5 Bd7 19. cxd6 cxd6 20. Qb3 fxe4 21. Qxb7 {½-½ (21) Ivanenko,O-Kovaliova,V Kiev 2004}) 10... Nh5 {[%emt 0:15:32]} 11. g3 {[%emt 0:20:20]} Nc5 {[%emt 0:23:14]} 12. Nh4 {[%emt 0:06:45] [#]} (12. b4 $15 Nxd3+ 13. Qxd3) 12... f5 $1 {[%emt 0:11:15]} 13. O-O-O {[%emt 0:12:44]} f4 {[%emt 0:08:43]} 14. Rdg1 {[%emt 0:03:25]} fxg3 {[%emt 0:06:03]} 15. fxg3 {[%emt 0:00:25] [#]} Nxg3 $1 {[%emt 0:01:59]} 16. Ng6 {[%emt 0:01:33] [#]} hxg6 {[%emt 0:00:29]} ({Black should try} 16... Qg5 $1 $17 17. Nxf8 Qe3 18. Rxg3 Qxg3) 17. Rxg3 {[%emt 0:00:05]} Rf6 {[%emt 0:00:15]} 18. Nf3 {[%emt 0:05:58]} (18. Be2 $11) 18... Nxd3+ 19. Qxd3 {[%emt 0:00:07]} Bd7 {[%emt 0:01:27]} 20. Ng5 {[%emt 0:05:16]} Raf8 {[%emt 0:01:03]} 21. Rg2 {[%emt 0:04:36]} Rf2 {[%emt 0:06:01]} 22. Qg3 {[%emt 0:04:22]} Rxg2 {[%emt 0:00:39]} 23. Qxg2 {[%emt 0:00:05]} Qf6 {[%emt 0:00:06]} 24. Rg1 {[%emt 0:01:09]} ({White should play} 24. Qg3) 24... Qf4+ {[%emt 0:00:36]} 25. Kc2 $2 {[%emt 0:01:41]} (25. Qd2) 25... Qe3 {[%emt 0:00:23]} 26. Qg3 {[%emt 0:02:44]} Rf2+ {[%emt 0:00:43]} 27. Kb1 {[%emt 0:00:11] [#]} Rf1+ $1 {[%emt 0:00:18]} 28. Kc2 {[%emt 0:00:36]} Qxg1 {[%emt 0:00:08]} 29. Qh4 {[%emt 0:00:09]} Qf2+ {[%emt 0:00:03]} 0-1

[Event "POL-chT 2nd League Juniors 2020"]
[Site "Sypniewo"]
[Date "2020.10.30"]
[Round "9.21"]
[White "Duda, Leon"]
[Black "Wieckowski, Michal"]
[Result "1-0"]
[WhiteElo "1388"]
[BlackElo "1494"]
[Annotator "NA RC"]
[PlyCount "75"]
[EventDate "2020.10.23"]
[EventType "team-tourn"]
[EventCountry "POL"]
[SourceTitle "playchess.com"]
[Source "ChessBase"]
[SourceQuality "1"]
[TimeControl "5400+30"]

1. e4 {[%emt 0:00:00]} c5 {[%emt 0:00:00]} 2. Nf3 {[%emt 0:00:00]} d6 {[%emt 0:00:00]} 3. d4 {[%emt 0:00:00]} cxd4 {[%emt 0:00:00]} 4. Nxd4 {[%emt 0:00:00]} Nf6 {[%emt 0:00:00]} 5. Nc3 {[%emt 0:00:00]} g6 {[%emt 0:00:13]} 6. Be3 {[%emt 0:00:00]} Bg7 {[%emt 0:00:10]} 7. f3 {[%emt 0:00:00]} O-O {[%emt 0:00:25]} 8. Qd2 {[%emt 0:01:06]} Nc6 {[%emt 0:00:52]} 9. O-O-O Nxd4 {[%emt 0:02:40]} 10. Bxd4 {[%emt 0:00:34]} Be6 {[%emt 0:01:06]} 11. g4 {[%emt 0:09:03]} Qa5 {[%emt 0:00:53]} 12. a3 {[%emt 0:07:26]} Rfc8 {[%emt 0:02:29]} 13. h4 {[%emt 0:05:31]} h5 {[%emt 0:03:12]} 14. gxh5 {[%emt 0:04:53]} Nxh5 {[%emt 0:00:50]} 15. Bxg7 {[%emt 0:00:14]} Kxg7 {[%emt 0:00:08]} 16. Be2 Qe5 {[%emt 0:27:46]} 17. Kb1 {[%emt 0:09:22]} Rc5 {[%emt 0:12:24]} 18. Bd3 {[%emt 0:11:36]} Nf4 {[%emt 0:14:41]} 19. Rdg1 {[%emt 0:02:06]} f6 {[%emt 0:03:26]} 20. Ne2 {[%emt 0:02:36]} Nxe2 {[%emt 0:00:47]} 21. Qxe2 {[%emt 0:00:16]} b5 {[%emt 0:03:41]} 22. Qe3 {[%emt 0:04:23]} Qh5 {[%emt 0:10:28]} 23. Rh2 {[%emt 0:05:13]} Bf7 {[%emt 0:05:53]} 24. f4 {[%emt 0:00:41]} e5 {[%emt 0:01:23]} 25. f5 {[%emt 0:06:27]} Rg8 26. Be2 {[%emt 0:16:57]} Qh6 {[%emt 0:05:34]} 27. Qd3 {[%emt 0:00:49]} d5 {[%emt 0:02:07]} 28. fxg6 {[%emt 0:01:30]} Be6 {[%emt 0:01:24]} 29. h5 {[%emt 0:03:56]} Rgc8 30. Bg4 dxe4 {[%emt 0:01:55]} 31. Qxe4 {[%emt 0:01:52]} Rc4 {[%emt 0:00:00]} 32. Qf3 {[%emt 0:00:30]} Bxg4 {[%emt 0:00:16]} 33. Rxg4 {[%emt 0:00:30]} Rxg4 {[%emt 0:00:30]} 34. Qxg4 {[%emt 0:00:30]} Qf4 {[%emt 0:00:30]} 35. Qe6 {[%emt 0:00:30]} Rc7 36. h6+ {[%emt 0:03:04]} Kxg6 {[%emt 0:01:00]} 37. Rg2+ {[%emt 0:00:14]} Kxh6 {[%emt 0:01:10]} 38. Qh3+ {[%emt 0:00:14]} 1-0

[Event "POL-chT 2nd League Juniors 2020"]
[Site "Sypniewo"]
[Date "2020.10.30"]
[Round "9.23"]
[White "Kukula, Klara"]
[Black "Tarka, Aleksandra"]
[Result "1/2-1/2"]
[WhiteElo "1232"]
[BlackElo "1676"]
[Annotator "NA RC"]
[PlyCount "69"]
[EventDate "2020.10.23"]
[EventType "team-tourn"]
[EventCountry "POL"]
[SourceTitle "playchess.com"]
[Source "ChessBase"]
[SourceQuality "1"]
[TimeControl "5400+30"]

1. e4 {[%emt 0:00:00]} c5 {[%emt 0:00:00]} 2. Nf3 {[%emt 0:00:00]} e6 {[%emt 0:00:00]} 3. d4 {[%emt 0:00:00]} cxd4 {[%emt 0:00:00]} 4. Nxd4 {[%emt 0:00:00]} Nf6 {[%emt 0:00:11]} 5. Nc3 {[%emt 0:01:22]} Nc6 {[%emt 0:00:10]} 6. a3 {[%emt 0:12:08]} Be7 {[%emt 0:01:49]} 7. Be2 {[%emt 0:00:25]} O-O {[%emt 0:00:48]} 8. O-O {[%emt 0:00:09]} a6 {[%emt 0:16:45]} 9. Be3 Qc7 {[%emt 0:10:29]} 10. h3 {[%emt 0:16:30]} d6 {[%emt 0:16:56]} 11. Bf3 {[%emt 0:04:37]} Ne5 {[%emt 0:05:49]} 12. Be2 {[%emt 0:16:39]} Bd7 {[%emt 0:11:46]} 13. Nf3 {[%emt 0:09:54]} Rfd8 {[%emt 0:09:46]} 14. Nxe5 {[%emt 0:08:30]} dxe5 {[%emt 0:00:06]} 15. Bd3 {[%emt 0:00:58]} Bc6 {[%emt 0:03:46]} 16. Qe2 {[%emt 0:02:46]} b5 {[%emt 0:03:07]} 17. f3 {[%emt 0:03:56]} Nd7 {[%emt 0:02:21]} 18. Rfd1 {[%emt 0:02:09]} Nc5 {[%emt 0:03:41]} 19. Rab1 {[%emt 0:03:02]} Bb7 {[%emt 0:02:03]} 20. Rbc1 {[%emt 0:02:05]} Rac8 {[%emt 0:03:58]} 21. Na2 {[%emt 0:02:35]} Nxd3 {[%emt 0:05:06]} 22. Rxd3 {[%emt 0:00:14]} Rxd3 {[%emt 0:00:45]} 23. Qxd3 {[%emt 0:00:06]} Rd8 {[%emt 0:01:24]} 24. Qe2 {[%emt 0:00:14]} Bc5 {[%emt 0:00:24]} 25. Bxc5 {[%emt 0:00:38]} Qxc5+ {[%emt 0:00:04]} 26. Qf2 {[%emt 0:01:40]} Qc4 {[%emt 0:00:36]} 27. b3 {[%emt 0:00:49]} Qd4 {[%emt 0:01:03]} 28. Kf1 {[%emt 0:07:39]} Kf8 {[%emt 0:00:33]} 29. Nb4 {[%emt 0:01:23]} Qxf2+ {[%emt 0:00:32]} 30. Kxf2 {[%emt 0:00:06]} f6 {[%emt 0:00:30]} 31. Ke2 {[%emt 0:00:28]} Ke7 {[%emt 0:00:22]} 32. Nd3 {[%emt 0:00:17]} Rc8 {[%emt 0:00:31]} 33. Nb2 {[%emt 0:01:03]} Kd6 {[%emt 0:00:33]} 34. c4 {[%emt 0:00:07]} f5 {[%emt 0:00:33]} 35. Rd1+ {[%emt 0:00:32]} 1/2-1/2

[Event "POL-chT 2nd League Juniors 2020"]
[Site "Sypniewo"]
[Date "2020.10.30"]
[Round "9.24"]
[White "Pastuszko, Katarzyna"]
[Black "Bialek, Alicja"]
[Result "0-1"]
[WhiteElo "1251"]
[BlackElo "1457"]
[Annotator "NA RC"]
[PlyCount "86"]
[EventDate "2020.10.23"]
[EventType "team-tourn"]
[EventCountry "POL"]
[SourceTitle "playchess.com"]
[Source "ChessBase"]
[SourceQuality "1"]
[TimeControl "5400+30"]

1. e4 {[%emt 0:00:00]} c5 {[%emt 0:00:00]} 2. Nf3 {[%emt 0:00:00]} Nc6 {[%emt 0:00:00]} 3. d4 {[%emt 0:00:09]} cxd4 {[%emt 0:00:00]} 4. Nxd4 {[%emt 0:00:18]} e5 {[%emt 0:00:00]} 5. Nb5 {[%emt 0:01:44]} a6 {[%emt 0:00:00]} 6. Nd6+ {[%emt 0:01:54]} Bxd6 {[%emt 0:00:18]} 7. Qxd6 {[%emt 0:00:41]} Qe7 {[%emt 0:00:03]} 8. Qc7 {[%emt 0:03:48]} d5 {[%emt 0:00:12]} 9. Qxe7+ {[%emt 0:03:46]} Ngxe7 {[%emt 0:00:08]} 10. Bd3 {[%emt 0:08:27]} Nb4 {[%emt 0:01:14]} 11. a3 {[%emt 0:08:50]} Nxd3+ {[%emt 0:02:09]} 12. cxd3 {[%emt 0:01:12]} d4 13. O-O {[%emt 0:04:23]} O-O {[%emt 0:15:58]} 14. f4 {[%emt 0:08:21]} f6 {[%emt 0:10:27]} 15. f5 {[%emt 0:02:39]} a5 {[%emt 0:03:46]} 16. a4 {[%emt 0:04:35]} Bd7 {[%emt 0:00:05]} 17. b3 {[%emt 0:08:04]} b5 {[%emt 0:00:55]} 18. Ba3 {[%emt 0:02:23]} Rfe8 {[%emt 0:07:52]} 19. Bxe7 {[%emt 0:03:15]} Rxe7 {[%emt 0:00:18]} 20. Rc1 {[%emt 0:02:55]} bxa4 {[%emt 0:01:03]} 21. bxa4 {[%emt 0:00:50]} Rc8 {[%emt 0:00:23]} 22. Rxc8+ {[%emt 0:03:21]} Bxc8 {[%emt 0:00:03]} 23. Na3 {[%emt 0:03:16]} Ba6 {[%emt 0:02:33]} 24. Nb5 {[%emt 0:03:03]} Rb7 {[%emt 0:03:38]} 25. Rb1 {[%emt 0:13:55]} Kf8 {[%emt 0:01:12]} 26. Kf2 {[%emt 0:00:49]} Ke7 {[%emt 0:01:20]} 27. Ke2 {[%emt 0:00:55]} Bxb5 {[%emt 0:00:58]} 28. axb5 {[%emt 0:01:26]} Kd6 {[%emt 0:00:10]} 29. Kd2 {[%emt 0:00:35]} Kc5 {[%emt 0:00:30]} 30. b6 {[%emt 0:00:24]} Rxb6 {[%emt 0:00:24]} 31. Rc1+ {[%emt 0:01:15]} Kd6 {[%emt 0:00:09]} 32. Rc2 {[%emt 0:02:48]} Rb1 {[%emt 0:00:55]} 33. Ke2 {[%emt 0:01:04]} a4 {[%emt 0:01:59]} 34. Rc8 {[%emt 0:02:58]} a3 {[%emt 0:02:08]} 35. Ra8 {[%emt 0:01:57]} Rb2+ {[%emt 0:00:07]} 36. Kf3 {[%emt 0:00:44]} a2 {[%emt 0:00:08]} 37. h4 {[%emt 0:00:44]} Rd2 {[%emt 0:00:23]} 38. g4 {[%emt 0:00:35]} Rxd3+ {[%emt 0:00:33]} 39. Ke2 {[%emt 0:00:18]} Re3+ {[%emt 0:00:17]} 40. Kd2 {[%emt 0:00:13]} Rxe4 {[%emt 0:00:12]} 41. Rxa2 {[%emt 0:00:16]} Rxg4 {[%emt 0:00:07]} 42. Ra7 {[%emt 0:00:19]} Rxh4 {[%emt 0:00:30]} 43. Rxg7 {[%emt 0:00:28]} Rh5 {[%emt 0:00:39]} 0-1